LEADER 04846nam 22006371 450 001 9911007019903321 005 20230421055612.0 010 $a1-5231-2435-0 010 $a1-62870-453-5 010 $a1-84919-440-8 035 $a(CKB)3170000000047773 035 $a(EBL)3012181 035 $a(SSID)ssj0000629584 035 $a(PQKBManifestationID)12204390 035 $a(PQKBTitleCode)TC0000629584 035 $a(PQKBWorkID)10732481 035 $a(PQKB)11079240 035 $a(MiAaPQ)EBC3012181 035 $a(BIP)47793385 035 $a(EXLCZ)993170000000047773 100 $a19981123d1998 uy 0 101 0 $aeng 135 $aur|n|---||||| 181 $ctxt 182 $cc 183 $acr 200 10$aHigh voltage direct current transmission /$fJos Arrillaga 205 $a2nd ed. 210 1$aLondon :$cInstitution of Electrical Engineers,$d1998. 215 $a1 online resource (313 p.) 225 1 $aPower and Energy 225 0$aIEE power and energy series ;$v29 300 $aDescription based upon print version of record. 311 08$a0-85296-941-4 320 $aIncludes bibliographical references and index. 327 $a""Contents""; ""Preface""; ""1 Introduction ""; ""1.1 Historical background ""; ""1.2 The mercury-arc valve ""; ""1.3 The silicon controlled rectifier (thyristor) ""; ""1.4 Future switching trends ""; ""1.5 The HVDC claims ""; ""1.6 The advent of a FACTS technology ""; ""1.7 References "" 327 $a""2 Static power conversion """"2.1 Introduction ""; ""2.2 Basic conversion principle ""; ""2.3 Selection of converter configuration ""; ""2.4 The ideal commutation process ""; ""2.4.1 Effect of gate control ""; ""2.4.2 Valve current and voltage waveforms ""; ""2.5 The real commutation process "" 327 $a""2.5.1 Commutating voltage """"2.5.2 Commutation reactance ""; ""2.5.3 Analysis of the commutation circuit ""; ""2.6 Rectifier operation ""; ""2.6.1 Mean direct voltage ""; ""2.6.2 AC current ""; ""2.7 Inverter operation ""; ""2.8 Power factor and reactive power ""; ""2.9 Maximum available power "" 327 $a""2.10 Characteristic converter harmonics """"2.11 Noncharacteristic harmonics ""; ""2.11.1 Harmonic crossmodulation ""; ""2.12 Harmonic transfer generalisation ""; ""2.13 Quantified effects of system asymmetries ""; ""2.14 References ""; ""3 Harmonic elimination ""; ""3.1 Introduction "" 327 $a""3.2 Pulse number increase """"3.3 Design of AC filters ""; ""3.3.1 Design criteria ""; ""3.3.2 Design factors ""; ""3.3.3 Network impedance""; ""3.3.4 Circuit modelling""; ""3.3.5 Tuned filters ""; ""3.3.6 Self-tuned filters ""; ""3.3.7 High-pass filters ""; ""3.3.8 Example of recent filter arrangement "" 327 $a""3.3.9 Type C damped filters "" 330 $aDescribes a variety of reasons justifying the use of DC transmission as well as the basic concepts and techniques involved in the AC-DC and DC-AC conversion processes. 410 0$aPower and Energy 606 $aElectric power transmission$xDirect current 606 $aHigh voltages 615 0$aElectric power transmission$xDirect current. 615 0$aHigh voltages. 676 $a621.319/1 700 $aArrillaga$b J$08232 801 0$bMiAaPQ 801 1$bMiAaPQ 801 2$bMiAaPQ 906 $aBOOK 912 $a9911007019903321 996 $aHigh voltage direct current transmission$94392564 997 $aUNINA